000
00270nam a2200121Ia 4500
008
140130s9999 xx 000 0 und d
245
_c
Fleming, Denise
_a
Lunch (fleming)
260
_b
Scholastic,
_c
1992
440
_v
1
521
_a
BR
942
_c
BK
999
_c
41520
_d
41520